Echoes of inner love : (Record no. 81758)

MARC details
000 -LEADER
fixed length control field 00686nam a22001937a 4500
005 - DATE AND TIME OF LATEST TRANSACTION
control field 20140110165914.0
010 ## - LCCN (DPL NO)
LC control number ENG-109055
020 ## - INTERNATIONAL STANDARD BOOK NUMBER
International Standard Book Number 9788189331245
Terms of availability 200.00
035 ## - SYSTEM CONTROL NUMBER
System control number EN-92588
037 ## - SOURCE OF ACQUISITION
Source of stock number/acquisition DBAD/PUB
082 ## - DEWEY DECIMAL CLASSIFICATION NUMBER
Classification number 881
100 ## - MAIN ENTRY--PERSONAL NAME
Personal name Majhail, Harjinder Singh
245 ## - TITLE STATEMENT
Title Echoes of inner love :
Statement of responsibility, etc by Harjinder Singh Majhail; edited by Rahul Singh Majhail
Remainder of title a collection of poems in English with translation of five 'Shabadas' of 'Gurbani' /
260 ## - PUBLICATION, DISTRIBUTION, ETC. (IMPRINT)
Place of publication, distribution, etc Chandigarh
Name of publisher, distributor, etc Enkay Enterprises
Date of publication, distribution, etc 2012
270 ## - ADDRESS
Address SCO 49-51, Basement, Sector 17C
City Chandigarh
Postal code 160017
300 ## - PHYSICAL DESCRIPTION
Extent 80p.
Dimensions 22cm(Hb)
700 ## - ADDED ENTRY--PERSONAL NAME
Personal name Majhail, Rahul Singh
942 ## - ADDED ENTRY ELEMENTS (KOHA)
Source of classification or shelving scheme Dewey Decimal Classification
Item type English Books
Call number suffix MAJ
Classification part 881
Holdings
Withdrawn status Lost status Not for loan Collection code Home library Current library Date acquired Source of acquisition Cost, normal purchase price Full call number Barcode Copy number Cost, replacement price Koha item type
    Not For Loan Non-fiction D.B.Act.Division D.B.Act.Division 09/01/2014 DBAD/PUB 200.00 881 MAJ EN-92588 1 200.00 English Books

© Delhi Public Library
Hit Counter
free hit counter